| 000 | 00667nam a22002177a 4500 | ||
|---|---|---|---|
| 999 |
_c227 _d227 |
||
| 003 | AR-CdUCM | ||
| 008 | 190222b ||||| |||| 00| 0 spa d | ||
| 040 |
_aMUNICIPALIDAD PROVINCIAL DEL CUSCO _cBIBLIOTECA MUNICIPAL DEL CUSCO |
||
| 082 |
_a880.8 / _bV59 |
||
| 100 |
_aVeze, Raul _9999 |
||
| 245 | _aLa Grecia literaria / | ||
| 260 |
_aMéxico : _bTalleres de edinal impresora, _c1973. |
||
| 300 |
_a222 páginas ; _c17 cm. |
||
| 650 |
_aHomero _91000 |
||
| 650 |
_aPíndaro _91001 |
||
| 650 |
_aAnacreonte _91002 |
||
| 700 |
_aRisson, Pablo (prólogo) _91003 |
||
| 700 |
_aMuñoz Escámez, José (traductor) _91004 |
||
| 942 |
_2ddc _cLIBROS |
||
| 945 |
_aafb _d2019-02-22 |
||